ბათუმის შოთა რუსთაველის სახელმწიფო უნივერსიტეტის ბიბლიოთეკა

Meeting, Expositions, Events and Conventions / (ბიბ.ჩანაწერი № 41204)

000 -LEADER
fixed length control field 00875nam a2200241Ia 4500
001 - CONTROL NUMBER
control field 7856
003 - CONTROL NUMBER IDENTIFIER
control field GE_BSU
005 - DATE AND TIME OF LATEST TRANSACTION
control field 20221116105838.0
008 - FIXED-LENGTH DATA ELEMENTS--GENERAL INFORMATION
fixed length control field 181216s2008eng |||||||||||||| ||eng||
020 ## - INTERNATIONAL STANDARD BOOK NUMBER
International Standard Book Number 9780132340571 x
040 ## - CATALOGING SOURCE
Transcribing agency GE_BSU
041 ## - LANGUAGE CODE
Language code of text/sound track or separate title eng
080 ## - UNIVERSAL DECIMAL CLASSIFICATION NUMBER
Universal Decimal Classification number 658 F-38
100 ## - MAIN ENTRY--PERSONAL NAME
Personal name Fenich Ph.D.
9 (RLIN) 13109
245 ## - TITLE STATEMENT
Title Meeting, Expositions, Events and Conventions /
Statement of responsibility, etc. Fenich Ph.D., George G.
264 ## - PRODUCTION, PUBLICATION, DISTRIBUTION, MANUFACTURE, AND COPYRIGHT NOTICE
Place of production, publication, distribution, manufacture New Jersey :
Name of producer, publisher, distributor, manufacturer Upper Saddle River,
Date of production, publication, distribution, manufacture, or copyright notice 2008.
300 ## - PHYSICAL DESCRIPTION
Extent 532 p.;
Other physical details Ill.;
Dimensions 25 cm.
653 ## - INDEX TERM--UNCONTROLLED
keyword Meeting, Expositions, Events and conventions
653 ## - INDEX TERM--UNCONTROLLED
keyword შეხვედრები, გამოფენები, ღონისძიებები და კონვენციები
653 ## - INDEX TERM--UNCONTROLLED
keyword Встречи, выставки, события и съезды
700 ## - ADDED ENTRY--PERSONAL NAME
Personal name George, G.
Relator term ავტორი
9 (RLIN) 13110
942 ## - ADDED ENTRY ELEMENTS (KOHA)
Koha item type წიგნი
Source of classification or shelving scheme
ეგზემპლარები
Withdrawn status Lost status Source of classification or shelving scheme Damaged status Not for loan Permanent Location Current Location Shelving location Date acquired Cost, normal purchase price Full call number Barcode Date last seen Copy number Price effective from Koha item type Public note
          ბათუმის შოთა რუსთაველის სახელმწიფო უნივერსიტეტის მთავარი ბიბლიოთეკა ბათუმის შოთა რუსთაველის სახელმწიფო უნივერსიტეტის მთავარი ბიბლიოთეკა წიგნსაცავი 2018-12-17 142.00 658 F-38 24201 2018-12-17 24201 2018-12-17 წიგნი 142 ლ.